| 000 | 00795nam a22002057a 4500 | ||
|---|---|---|---|
| 999 |
_c274155 _d274155 |
||
| 008 | 201130b ||||| |||| 00| 0 eng d | ||
| 040 |
_bger _cDE-2950 _erda _aDE-2950 |
||
| 041 | _ager | ||
| 100 | _aGöttmann, Steffen: | ||
| 245 |
_aOderbruch fordert den Ausbau der Oder als Hochwasserschutz. _bWahlkampf: Über den Ausbau des Flusses gab es am Mittwoch ein Gespräch mit Innenminister Michael Stübgen (CDU) in Hohensaaten / _cSteffen Göttmann |
||
| 264 | _c2021 | ||
| 653 | _aFrankfurt (Oder) | ||
| 653 | _aOder | ||
| 653 | _aAusbau | ||
| 773 |
_dFrankfurt (Oder): Märkisches Verlags- und Druckhaus GmbH & Co KG _g32. Jahrgang (2021) Nr. 162 vom 15.07.2021, S.16. : Foto _tMärkische Oderzeitung |
||
| 942 | _cA | ||